Szczegóły MARC21

Pomoc psychologiczna dzieciom z rodzin alkoholowych : praktyczny przewodnik /

003 -Nazwa inst., której nr kontr. jest w polu 001 [,]
    • @
    • Nazwa instytucji, której n kontrolny jest w polu 001
    • NUKAT
005 -DATA I CZAS OSTATNIEJ MODYFIKACJI [,]
    • @
    • pole kontrolne
    • 20241231092452.0
020 -Międzynarod. znormalizowany nr książki - ISBN [ , ]
    • a
    • Numer ISBN
    • 0761907564 Find
    • q
    • Dopowiedzenie
    • cloth: alk. paper
020 -Międzynarod. znormalizowany nr książki - ISBN [ , ]
    • a
    • Numer ISBN
    • 0761907572 Find
    • q
    • Dopowiedzenie
    • pbk: alk. paper
020 -Międzynarod. znormalizowany nr książki - ISBN [ , ]
    • a
    • Numer ISBN
    • 9788388075247 Find
020 -Międzynarod. znormalizowany nr książki - ISBN [ , ]
    • a
    • Numer ISBN
    • 9788388075315 Find
    • q
    • Dopowiedzenie
    • ebook
020 -Międzynarod. znormalizowany nr książki - ISBN [ , ]
    • a
    • Numer ISBN
    • 9788388075353 Find
    • q
    • Dopowiedzenie
    • pdf
040 -Instytucja sporządzająca opis [ , ]
    • a
    • Instytucja, która sporządziła opis (NP)
    • LUBL U/MGR
    • c
    • Instytucja, która sporządziła rekord (NP)
    • LUBL U/MGR
    • d
    • Instytucja, która zmodyfikowała rekord (P)
    • LUBL U/GAs
041 -Język dokumentu [1, ]
    • a
    • Język tekstu (P)
    • polski
    • h
    • Język tekstu oryginalnego i/lub pośredniego (P)
    • angielski
942 -Rodzaj dokumentu [ , ]
    • c
    • Rodzaj dokumentu
    • Książka
100 -Hasło główne - nazwa osobowa [1, ]
    • a
    • Nazwa osobowa (NP)
    • Robinson, Bryan E.
    • 9
    • KHW
    • 451205
240 -Tytuł ujednolicony [1,0]
    • a
    • Tytuł ujednolicony
    • Working with children of alcoholics
    • l
    • Język tekstu
    • (pol.)
    • 9
    • KHW
    • 451208
245 -Strefa tytułu i oznaczenia odpowiedzialności [1,0]
    • a
    • Tytuł
    • Pomoc psychologiczna dzieciom z rodzin alkoholowych : Find
    • b
    • Ciąg dalszy tytułu (NP)
    • praktyczny przewodnik / Find
    • c
    • Pozostałe elementy strefy tytułu i oznaczenia odpowiedzialności (NP)
    • Bryan E. Robinson, J. Lyn Rhoden ; [tłumaczenie Agnieszka Marciniak].
260 -Strefa adresu wydawniczego [ , ]
    • a
    • Miejsce wydania (P)
    • Warszawa :
    • b
    • Nazwa wydawcy (P)
    • Państwowa Agencja Rozwiązywania Problemów Alkoholowych,
    • c
    • Data wydania (P)
    • 2017.
300 -Strefa opisu fizycznego [ , ]
    • a
    • Określenie formy książki i/lub objętość (NP)
    • 279 stron :
    • b
    • Oznaczenie ilustracji (NP)
    • ilustracje ;
    • c
    • Format (NP)
    • 21 cm.
336 -Typ zawartości [ , ]
    • a
    • Termin opisujący typ zawartości
    • Tekst
    • b
    • Kod określający zawartość
    • txt
    • 2
    • Źródło (terminu i kodu)
    • rdacontent
337 -Typ mediów [ , ]
    • a
    • Tryb odtwarzania
    • Bez urządzenia pośredniczącego
    • b
    • Kod typu mediów
    • n
    • 2
    • Źródło (terminu i kodu)
    • rdamedia
338 -Typ/rodzaj nośnika [ , ]
    • a
    • Hasło opisujące typ nośnika
    • Wolumin
    • b
    • Kod typu nośnika
    • nc
    • 2
    • Źródło (terminu i kodu)
    • rdacarrier
504 -Uwaga dot. bibliogr. załącznikowej [ , ]
    • a
    • Uwaga dot. bibliografii załącznikowej
    • Bibliografia na stronach 267-279.
536 -Uwaga dot. finansowania książki [ , ]
    • a
    • Tekst uwagi
    • Zadanie finansowane ze środków Narodowego Programu Zdrowia na lata 2016-2020.
650 -Hasło przedmiotowe [ ,7]
    • a
    • Hasło przedmiotowe
    • Dzieci alkoholików
    • x
    • Określnik rzeczowy
    • zdrowie psychiczne.
    • 2
    • Źródło terminu
    • kaba
    • 9
    • KHW
    • 380762
650 -Hasło przedmiotowe [ ,7]
    • a
    • Hasło przedmiotowe
    • Dzieci alkoholików
    • x
    • Określnik rzeczowy
    • opieka i pomoc.
    • 2
    • Źródło terminu
    • kaba
    • 9
    • KHW
    • 415226
700 -Hasło dodatkowe - nazwa osobowa [1, ]
    • a
    • Nazwa osobowa (NP)
    • Rhoden, J. Lyn. Find
    • 9
    • KHW
    • 451204
700 -Hasło dodatkowe - nazwa osobowa [1, ]
    • a
    • Nazwa osobowa (NP)
    • Marciniak, Agnieszka Find
    • c
    • Dopowiedzenie inne niż daty biograficzne (NP)
    • (filologia angielska).
    • 9
    • KHW
    • 451207
710 -Hasło dodatkowe - nazwa ciała zbiorowego [2, ]
    • a
    • Nazwa ciała zbiorowego lub nazwa geograficzna jako pierwszy element (NP)
    • Państwowa Agencja Rozwiązywania Problemów Alkoholowych.
    • 4
    • Kod relacji
    • pbl
    • 9
    • KHW
    • 28583
920 -ISBN [ , ]
    • a
    • ISBN
    • 0-7619-0756-4 Find
    • q
    • Dopowiedzenie
    • cloth: alk. paper
920 -ISBN [ , ]
    • a
    • ISBN
    • 0-7619-0757-2 Find
    • q
    • Dopowiedzenie
    • pbk: alk. paper
920 -ISBN [ , ]
    • a
    • ISBN
    • 978-83-88075-24-7 Find
920 -ISBN [ , ]
    • a
    • ISBN
    • 978-83-88075-31-5 Find
    • q
    • Dopowiedzenie
    • ebook
920 -ISBN [ , ]
    • a
    • ISBN
    • 978-83-88075-35-3 Find
    • q
    • Dopowiedzenie
    • pdf
Lokalizacja Data inwentaryzacji Status udost. Numer inwentarzowy
BG2018-05-151Z.122815
BNS2018-06-191H.31553